Library Banner

Sukhan Dilnawaz(سخن دلنواز) (Record no. 101947)

MARC details
000 -LEADER
fixed length control field 00390nam a22001337a 4500
005 - DATE AND TIME OF LATEST TRANSACTION
control field 20180122110754.0
008 - FIXED-LENGTH DATA ELEMENTS--GENERAL INFORMATION
fixed length control field 180122b xxu||||| |||| 00| 0 eng d
040 ## - CATALOGING SOURCE
Transcribing agency PK-LaUMT
082 ## - DEWEY DECIMAL CLASSIFICATION NUMBER
Classification number PKAC 297.74
Item number SUK-
245 ## - TITLE STATEMENT
Title Sukhan Dilnawaz(سخن دلنواز)
Statement of responsibility, etc Ameer ud Din Mehar(Translator)
260 ## - PUBLICATION, DISTRIBUTION, ETC. (IMPRINT)
Place of publication, distribution, etc ریاض:
Name of publisher, distributor, etc شعبہ تحقیق و تالیف،
Date of publication, distribution, etc [ ]
300 ## - PHYSICAL DESCRIPTION
Extent 125
942 ## - ADDED ENTRY ELEMENTS (KOHA)
Koha item type Books
Holdings
Withdrawn status Lost status Damaged status Home library Current library Date acquired Full call number Barcode Date last seen Price effective from Koha item type
      UMT Main Campus UMT Main Campus 2018-01-22 PKAC 297.74 SUK- 117835 2018-01-22 2018-01-22 Books